|
|
|
|
| LEADER |
00000nam a22000007a 4500 |
| 005 |
20171123152321.0 |
| 007 |
cr|||| |||| |
| 008 |
171123s2017 bl |||||s|||| 00||0 por d |
| 020 |
|
|
|a 978-85-361-9070-9
|
| 035 |
|
|
|a 20890
|
| 040 |
|
|
|a vLex
|
| 090 |
|
|
|c 7244
|d 7244
|
| 100 |
1 |
|
|a Trindade de Souza, Rodrigo
|
| 245 |
1 |
0 |
|a CLT comentada pelos Juz̕es do Trabalho da 4® Regiô
|h [Recurso electrn̤ico] /
|c Rodrigo Trindade de Souza
|
| 256 |
|
|
|a Servicio en ln̕ea
|
| 260 |
|
|
|a Sô Paulo:
|b LTR,
|c 2017
|
| 300 |
|
|
|a 1 recurso electrn̤ico
|
| 506 |
1 |
|
|a Disponible solo en los productos indicados
|d vLex Global
|d vLex Global (Academic Edition, excluding Law Schools)
|d vLex Global (U.S. Academic Edition, Law Schools)
|d vLex Global (U.S. Academic Edition, excluding Law Schools)
|d vLex Global (Academic Edition, Law Schools)
|
| 650 |
0 |
4 |
|a Derecho Laboral
|z Brasil
|
| 650 |
0 |
4 |
|a Seguridad Social
|z Brasil
|
| 740 |
0 |
|
|a vLex Libros (Servicio en ln̕ea)
|
| 856 |
4 |
0 |
|u http://vlex.com/source/clt-comentada-juizes-trabalho-4-regi-o-20890
|z Acceso restringido
|
| 942 |
|
|
|c BOOK
|
| 999 |
0 |
|
|a Labor laws and legislation
|
| 999 |
0 |
|
|a Social security
|